zpět

Detail výsledku týmu

Pivovar Born, Nový Bor

Datum a čas kvízu

34.5 Celkem bodů Celkový počet nahraných bodů na tomto kvízu bez doplňovacích otázek.
4. Pořadí na kvízu Konečné umístění týmu na tomto kvízu.

Zaznamenané odpovědi

# Otázka Odpověď Body Výsledky
1. V Olomouci se objevil případ m... na sušáku na prádlo (na klepači na koberce) 1
2. Který významný den jsme mohli... B 1
3. Středeční přehlídka spodního p... A) v devátém měsíci těhotenství 1
4. Která společnost se umístila n... Apple 0
5. Půl bodu získáte za jméno vítě... Kalle Rovanperä, finská 1
6. Napište jméno pouště na obrázk... Namib (Namibská poušť) 0
7. Uveďte, kterým čtyřpísmenným p... vádí 1
8. Vyberte, se kterým živočichem... B 0
9. Pokud bylo cílovým místem slav... růžová (Růžové jezero) 1
10. Který spisovatel je autorem vě... Frank Herbert 1